Construction Technology analysis and choice (Record no. 553695)

000 -LEADER
fixed length control field 00513nam a22001697a 4500
020 ## - INTERNATIONAL STANDARD BOOK NUMBER
International Standard Book Number 978-81-265-3322-0
082 ## - DEWEY DECIMAL CLASSIFICATION NUMBER
Classification number 690.837
Author Mark BRY
-- L-38,P-120
100 ## - MAIN ENTRY--PERSONAL NAME
Personal name Bryan, Tony
9 (RLIN) 50935
245 ## - TITLE STATEMENT
Title Construction Technology analysis and choice
260 ## - PUBLICATION, DISTRIBUTION, ETC.
Place of publication, distribution, etc. new delhi,
Name of publisher, distributor, etc. Wiley,
Date of publication, distribution, etc. 2013.
300 ## - PHYSICAL DESCRIPTION
Extent x,453p.
526 ## - STUDY PROGRAM INFORMATION NOTE
Program name 0
Interest level 0
Reading level 0
Title point value 690_837000000000000_BRY
526 ## - STUDY PROGRAM INFORMATION NOTE
Program name 0
Interest level 0
Reading level 0
Title point value 690_837000000000000_BRY
526 ## - STUDY PROGRAM INFORMATION NOTE
Program name 0
Interest level 0
Reading level 0
Title point value 690_837000000000000_BRY
526 ## - STUDY PROGRAM INFORMATION NOTE
Program name 0
Interest level 0
Reading level 0
Title point value 690_837000000000000_BRY
942 ## - ADDED ENTRY ELEMENTS (KOHA)
Source of classification or shelving scheme
Koha item type Book
Holdings
Withdrawn status Lost status Source of classification or shelving scheme Damaged status Not for loan Permanent Location Current Location Date acquired Total Checkouts Full call number Barcode Date last seen Price effective from Koha item type
          Military College of Engineering (MCE) Military College of Engineering (MCE) 07/11/2016   690.837 BRY MCE-50282 07/11/2016 07/11/2016 Book
          Military College of Engineering (MCE) Military College of Engineering (MCE) 07/11/2016   690.837 BRY MCE-50283 07/11/2016 07/11/2016 Book
          Military College of Engineering (MCE) Military College of Engineering (MCE) 07/11/2016   690.837 BRY MCE-50284 07/11/2016 07/11/2016 Book
          Military College of Engineering (MCE) Military College of Engineering (MCE) 07/11/2016   690.837 BRY MCE-50285 07/11/2016 07/11/2016 Book
© 2023 Central Library, National University of Sciences and Technology. All Rights Reserved.